| 000 | 00540nam a2200169 a 4500 | ||
|---|---|---|---|
| 001 | 000021957 | ||
| 005 | 20200930011523.0 | ||
| 008 | 091209s1971 dr a 001 0 spa d | ||
| 040 |
_aDO-SdBNP _bspa _cBNPHU |
||
| 082 | _axxxx | ||
| 240 | 1 | 0 |
_aPopulation and family education _lInglés |
| 245 | 0 | 0 |
_aPoblación y educación / _ctradución Roberto Carrasco Ruiz. |
| 260 |
_aMéxico : _bOficina Nacional de la Unesco para la Educación, _c1971. |
||
| 300 |
_a155 p. ; _c22 cm. |
||
| 700 | 1 |
_aCarrasco Ruiz, Roberto _etr. _945538 |
|
| 049 | _aBNPD | ||
| 999 |
_c21455 _d21455 |
||